000 00643nam a2200169 i 4500
001 96214
003 ES-MaACL
005 20230906181852.0
007 t|
008 050614s1901 be ||||1| fre d
100 1 _aMaeterlinck, Maurice.
_975418
245 1 0 _aThéâtre /
_cMaurice Maeterlinck.
260 _aBruxelles :
_bP. Lacomblez,
_c1901.
300 _a3 v. ;
_c19 cm.
505 8 _aContiene: T. I. La Princesse Maleine. L'intrusa. Les aveuglés. T. II. Pelleas et Melisande. Alladine et Palomides. Intérieur. La mort de Tintagiles. T. III. Aglavaine et Selysette. Ariane et Barbe- Bleu. Soeur Beatrice
852 _aES-MaACL
_jF-8804-6
999 _c96214
_d96214